00246nam a2200085Ia 4500008004100000245006300041260002200104300001300126650002100139220216s9999 xx 000 0 und d 0aMeenachil : Pioneer co-op set to foray into fresh terrains bRubber Asiac2004 a57-61,97 aRubber marketing